<?xml version="1.0" encoding="UTF-8"?>
<record
    xmlns:xsi="http://www.w3.org/2001/XMLSchema-instance"
    xsi:schemaLocation="http://www.loc.gov/MARC21/slim http://www.loc.gov/standards/marcxml/schema/MARC21slim.xsd"
    xmlns="http://www.loc.gov/MARC21/slim">

  <leader>02406njm a2200397Ia 4500</leader>
  <controlfield tag="001">27448</controlfield>
  <controlfield tag="003">IT-RoPAU</controlfield>
  <controlfield tag="005">20220918181120.0</controlfield>
  <controlfield tag="008">131025s9999    xx            000 0 und d</controlfield>
  <datafield tag="040" ind1=" " ind2=" ">
    <subfield code="a">IT-RoPAU</subfield>
  </datafield>
  <datafield tag="040" ind1=" " ind2=" ">
    <subfield code="c">IT-RoPAU</subfield>
  </datafield>
  <datafield tag="999" ind1=" " ind2=" ">
    <subfield code="c">99683</subfield>
    <subfield code="d">99683</subfield>
  </datafield>
  <datafield tag="999" ind1=" " ind2=" ">
    <subfield code="b">n.d.</subfield>
  </datafield>
  <datafield tag="100" ind1=" " ind2=" ">
    <subfield code="a">AA.VV.</subfield>
    <subfield code="9">794</subfield>
  </datafield>
  <datafield tag="100" ind1=" " ind2=" ">
    <subfield code="e">Autore musica</subfield>
    <subfield code="9">18102</subfield>
  </datafield>
  <datafield tag="100" ind1=" " ind2=" ">
    <subfield code="g">Codice autore musica SPICS: 12000</subfield>
    <subfield code="9">796</subfield>
  </datafield>
  <datafield tag="245" ind1=" " ind2=" ">
    <subfield code="a">Folklore da cinque continenti</subfield>
  </datafield>
  <datafield tag="250" ind1=" " ind2=" ">
    <subfield code="a">1a ed.</subfield>
  </datafield>
  <datafield tag="260" ind1=" " ind2=" ">
    <subfield code="a">ALBANO</subfield>
  </datafield>
  <datafield tag="260" ind1=" " ind2=" ">
    <subfield code="b">EP - MUSICALI E DISCOGRAFICHE</subfield>
  </datafield>
  <datafield tag="300" ind1=" " ind2=" ">
    <subfield code="a">DISCO</subfield>
  </datafield>
  <datafield tag="500" ind1=" " ind2=" ">
    <subfield code="a">Musica folk. Brani di folklore internazionale eseguiti in veste moderna da noti complessi che si ascoltano giornalmente nei programmi della radio italiana e di radio straniere</subfield>
  </datafield>
  <datafield tag="505" ind1=" " ind2=" ">
    <subfield code="a">The Accordeon From Formosa (Assenza Sal) - Luci di Tokio (Montzel Joseph) - Scherzo scozzese (Montzel Joseph) - Malumba - Caravan Beat - West Ride (De Gemini Franco) - Constellation (Saracino Pino) - Organ Hard (Montzel Joseph) - Music Bag (Monti Elvio) - Parintintin (Monti Elvio) - Rivediamoci (Saracino Pino) - Trumpet Shake (Saracino Pino) - Ma che m'importa - Out of the Sky (Assenza Sal)</subfield>
  </datafield>
  <datafield tag="650" ind1=" " ind2=" ">
    <subfield code="a">FOLK [DISCHI]</subfield>
    <subfield code="e">Codice MATERIA SPICS: 9950</subfield>
    <subfield code="9">1209</subfield>
  </datafield>
  <datafield tag="700" ind1=" " ind2=" ">
    <subfield code="a">Assenza Sal</subfield>
    <subfield code="d">Codice autore musica SPICS: 28293</subfield>
    <subfield code="e">Autore musica</subfield>
    <subfield code="p">The Accordeon From Formosa - Ma che m'importa - Out of the Sky</subfield>
    <subfield code="9">18103</subfield>
  </datafield>
  <datafield tag="700" ind1=" " ind2=" ">
    <subfield code="a">Ferrini C.</subfield>
    <subfield code="d">Codice autore musica SPICS: 28294</subfield>
    <subfield code="e">Autore musica</subfield>
    <subfield code="p">Luci di Tokio</subfield>
    <subfield code="9">18104</subfield>
  </datafield>
  <datafield tag="700" ind1=" " ind2=" ">
    <subfield code="a">Montzel Joseph</subfield>
    <subfield code="d">Codice autore musica SPICS: 11029</subfield>
    <subfield code="e">Autore musica</subfield>
    <subfield code="p">Scherzo scozzese - Parintintin</subfield>
    <subfield code="9">18105</subfield>
  </datafield>
  <datafield tag="700" ind1=" " ind2=" ">
    <subfield code="a">Tiagran</subfield>
    <subfield code="d">Codice autore SPICS: 28295</subfield>
    <subfield code="e">Autore</subfield>
    <subfield code="p">Scherzo scozzese - Parintintin</subfield>
    <subfield code="9">18106</subfield>
  </datafield>
  <datafield tag="700" ind1=" " ind2=" ">
    <subfield code="a">Surace D.</subfield>
    <subfield code="d">Codice autore musica SPICS: 22538</subfield>
    <subfield code="e">Autore musica</subfield>
    <subfield code="p">Malumba - Caravan Beat - Music Bag - Rivediamoci</subfield>
    <subfield code="9">18107</subfield>
  </datafield>
  <datafield tag="700" ind1=" " ind2=" ">
    <subfield code="a">Pelleus</subfield>
    <subfield code="d">Codice autore musica SPICS: 24144</subfield>
    <subfield code="e">Autore musica</subfield>
    <subfield code="p">West Ride - Trumpet Shake - Ma che m'importa</subfield>
    <subfield code="9">18108</subfield>
  </datafield>
  <datafield tag="700" ind1=" " ind2=" ">
    <subfield code="a">Raspanti M.</subfield>
    <subfield code="d">Codice autore musica SPICS: 14383</subfield>
    <subfield code="e">Autore musica</subfield>
    <subfield code="p">Constellation</subfield>
    <subfield code="9">18109</subfield>
  </datafield>
  <datafield tag="700" ind1=" " ind2=" ">
    <subfield code="a">Monti Elvio</subfield>
    <subfield code="d">Codice autore musica SPICS: 11030</subfield>
    <subfield code="e">Autore musica</subfield>
    <subfield code="p">Music Bag</subfield>
    <subfield code="9">18110</subfield>
  </datafield>
  <datafield tag="700" ind1=" " ind2=" ">
    <subfield code="a">Cambi</subfield>
    <subfield code="d">Codice autore SPICS: 28299</subfield>
    <subfield code="e">Autore</subfield>
    <subfield code="p">Rivediamoci</subfield>
    <subfield code="9">18111</subfield>
  </datafield>
  <datafield tag="700" ind1=" " ind2=" ">
    <subfield code="a">Ricca</subfield>
    <subfield code="d">Codice autore SPICS: 28300</subfield>
    <subfield code="e">Autore</subfield>
    <subfield code="p">Out of the Sky</subfield>
    <subfield code="9">18112</subfield>
  </datafield>
  <datafield tag="700" ind1=" " ind2=" ">
    <subfield code="a">Denny</subfield>
    <subfield code="d">Codice autore testo/musica SPICS: 28301</subfield>
    <subfield code="e">Autore testo/musica</subfield>
    <subfield code="p">Out of the Sky</subfield>
    <subfield code="9">18113</subfield>
  </datafield>
  <datafield tag="942" ind1=" " ind2=" ">
    <subfield code="c">MD</subfield>
    <subfield code="2">ddc</subfield>
  </datafield>
  <datafield tag="952" ind1=" " ind2=" ">
    <subfield code="0">0</subfield>
    <subfield code="1">0</subfield>
    <subfield code="4">0</subfield>
    <subfield code="6">27448_000000000000000</subfield>
    <subfield code="7">1</subfield>
    <subfield code="a">SPICS</subfield>
    <subfield code="b">SPICS</subfield>
    <subfield code="d">2013-10-25</subfield>
    <subfield code="l">0</subfield>
    <subfield code="o">27448</subfield>
    <subfield code="r">2013-10-25 00:00:00</subfield>
    <subfield code="w">2013-10-25</subfield>
    <subfield code="y">MD</subfield>
    <subfield code="z">Progr. Ins.: 7005 / N.Vol.: 1 / Copie: 1 - Copia rara: n.d. / date import: 01.01.2014 - By Epidotti, Trombetti, Vaglietti</subfield>
  </datafield>
</record>
